001620000a220007300045001000018000002450023000183000034000417730013000751 aMyers, Bryant10aBeyond sponsorship aNúm 22 (1989), Páginas 110 tTogether